000 00854nam a2200229Ia 4500
003 OSt
005 20220926004301.0
006 a|||||r|||| 00| 0
007 ta
008 220923b |||||||| |||| 00| 0 eng d
037 _cGeneral Book
040 _aRTL
_cRTL
_beng
041 _2eng
_aeng
082 _aW,31m2,N2, L3
110 _aRAJYA SABHA
245 0 _aRajya sabha
_b A report of parliamentry debates
260 _a New Delhi
_bRajya sabha secretariat
_c1973
500 _aNo. 11,6Aug,1973(214p); No. 12,7Aug,1973(278p); No. 13,8Aug,1973(256p); No. 14,9Aug,1973(136p); No. 15,10Aug,1973(196p); No. 16,13Aug,1973(192p); No. 17,16Aug,1973(264p); No. 18,17Aug,1973(182p); No. 19,20Aug,1973(204p); No. 20,22Aug,1973(262p)
700 _aRAJYA SABHA
942 _hW,31m2,N2, L3
_cGB
_2CC
999 _c610554
_d610554